Southville International School and Colleges
Your cart is empty.
  • Cart
  • Lists
    Public lists Eva Luna New books Lux_list list_1
    Your lists Log in to create your own lists
  • Log in to your account
  • Your cookies
  • Search history
Southville International School and Colleges
  • Advanced search
  • Recent comments
  • Most popular
  • Libraries

Log in to your account

Log in with GOOGLE


If you do not have an external account, but do have a local account, you can still log in:

  1. Home
  2. MARC view: Vanity fair /
Normal view MARC view ISBD view

Vanity fair / (Record no. 343493)

[ view plain ]
MARC details
000 -LEADER
fixed length control field 00483nam a2200193Ia 4500
008 - FIXED-LENGTH DATA ELEMENTS--GENERAL INFORMATION
fixed length control field 170918s9999 xx 000 0 und d
020 ## - INTERNATIONAL STANDARD BOOK NUMBER
International Standard Book Number 1853260193
050 ## - LIBRARY OF CONGRESS CALL NUMBER
Item number T363va 1992
100 ## - MAIN ENTRY--PERSONAL NAME
Personal name Thackeray, William
245 ## - TITLE STATEMENT
Title Vanity fair /
245 ## - TITLE STATEMENT
Statement of responsibility, etc by William Thackerey.
260 ## - PUBLICATION, DISTRIBUTION, ETC. (IMPRINT)
Place of publication, distribution, etc Ware, Hertfordshire :
260 ## - PUBLICATION, DISTRIBUTION, ETC. (IMPRINT)
Name of publisher, distributor, etc Wordsworth classics,
260 ## - PUBLICATION, DISTRIBUTION, ETC. (IMPRINT)
Date of publication, distribution, etc 1992
300 ## - PHYSICAL DESCRIPTION
Extent 951 pages :
300 ## - PHYSICAL DESCRIPTION
Other physical details illustrations ;
300 ## - PHYSICAL DESCRIPTION
Dimensions 18cm.
300 ## - PHYSICAL DESCRIPTION
Accompanying material Wordsworth classics.
Holdings
Withdrawn status Lost status Damaged status Home library Current library Date acquired Total Checkouts Full call number Barcode Date last seen Price effective from Koha item type
      Stonyhurst Southville International School (Malarayat) Stonyhurst Southville International School (Malarayat) 09/18/2017   FIC T363va 1992 SSISM2565 09/18/2017 09/18/2017 Books

Vanity fair /

APA

Thackeray W., .Vanity fair. Ware, Hertfordshire: .

Chicago

Thackeray William, .Vanity fair. Ware, Hertfordshire: .

Harvard

Thackeray W., .Vanity fair. Ware, Hertfordshire: .

MLA

Thackeray William, .Ware, Hertfordshire: . .

  • Place hold
  • Print
  • Cite
  • Add to your cart (remove)
  • Save record
    BIBTEX Dublin Core MARCXML MARC (non-Unicode/MARC-8) MARC (Unicode/UTF-8) MARC (Unicode/UTF-8, Standard) MODS (XML) RIS
  • More searches
    Search for this title in:
    Other Libraries (WorldCat) Other Databases (Google Scholar) Online Stores (Bookfinder.com) Open Library (openlibrary.org)

Exporting to Dublin Core...

SOUTHVILLE LIBRARY

Southville International School and Colleges Library

1281 Tropical Ave. Cor. Luxembourg St., BF Homes International, Las Pinas City

Tel. No. 8256374 / 252358 Loc. 117/146

Powered by Koha